| 000 | 00788nas a2200241 a 4500 | ||
|---|---|---|---|
| 001 | vtls003212318 | ||
| 003 | MY-SjTCS | ||
| 005 | 20200207100045.0 | ||
| 008 | 101112c mr1 0 0eng d | ||
| 022 | _a0028-0399 | ||
| 039 | 9 |
_a201011121144 _bhanani _c201011121142 _dhanani _c201011121142 _dhanani _c201011121141 _dhanani _y201011121141 _zhanani |
|
| 082 |
_a338.941 _bNAT |
||
| 245 | 0 | 0 | _aNational Westminster bank quarterly review. |
| 260 |
_aLondon: _bNational Westminster Bank, _c1993. |
||
| 300 |
_av.; _c30 cm. |
||
| 310 | _aQuarterly. | ||
| 362 | 1 | _a1993. | |
| 500 | _aTitle from cover | ||
| 650 | 0 |
_aGreat Britain _xEconomic conditions _y1979-1997. |
|
| 650 | 0 |
_aGreat Britain _xEconomic conditions. |
|
| 650 | 0 |
_aGreat Britain _xEconomic policy _y1945-. |
|
| 920 | _aTBS, | ||
| 999 | _c125484 | ||